书目信息 |
| 题名: |
做人的心态
|
|
| 作者: | 红日 编著 | |
| 分册: | ||
| 出版信息: | 北京 现代出版社 2004.01 |
|
| 页数: | 388页 | |
| 开本: | 20cm | |
| 丛书名: | ||
| 单 册: | ||
| 中图分类: | B821 | |
| 科图分类: | ||
| 主题词: | 人生观 | |
| 电子资源: | ||
| ISBN: | 7-80188-146-X | |
| 000 | 00515nam0 2200193 45 | |
| 001 | 0432874698 | |
| 005 | 2004051809075469 | |
| 010 | @a7-80188-146-X@dCNY 23.80 | |
| 100 | @a20040518d2004 km y0chiy0120 ea | |
| 101 | 0 | @achi |
| 102 | @aCN@b110000 | |
| 200 | 1 | @a做人的心态@Azuo ren de xin tai@f红日编著@Fhong ri bian zhu |
| 210 | @a北京@c现代出版社@d2004.01 | |
| 215 | @a388页@d20cm | |
| 606 | 0 | @a人生观 |
| 690 | 1 | @aB821@v4 |
| 701 | 0 | @a红日@Ahong ri@4编著 |
| 801 | 0 | @aCN@bPFT@c20040518 |
| 905 | @a10447@dB821@eH392 | |
| 做人的心态/红日编著.-北京:现代出版社,2004.01 |
| 388页;20cm |
| ISBN 7-80188-146-X:CNY 23.80 |
| ● |
| 相关链接 |
|
|
|
正题名:做人的心态
索取号:B821/H392
 
预约/预借
| 序号 | 登录号 | 条形码 | 馆藏地/架位号 | 状态 | 备注 |
| 1 | 375972 | 203759726 | 社科库509/509社科库 22排1列4层/ [索取号:B821/H392] | 在馆 | |
| 2 | 375973 | 203759735 | 社科库509/ [索取号:B821/H392] | 在馆 | |
| 3 | 375974 | 203759744 | 社科库509/509社科库 22排1列4层/ [索取号:B821/H392] | 在馆 |